书目信息 |
| 题名: |
洋流与气候
|
|
| 作者: | 郭瑞涛 , 刘改有 编 | |
| 分册: | ||
| 出版信息: | 北京 北京师范大学出版社 1983 |
|
| 页数: | 136页 | |
| 开本: | 19cm | |
| 丛书名: | ||
| 单 册: | ||
| 中图分类: | P732.6 | |
| 科图分类: | ||
| 主题词: | 海流-关系-气候 , 气候-关系-海流 | |
| 电子资源: | ||
| ISBN: | ||
| 000 | 00667nam0 2200253 45 | |
| 001 | 0183006119 | |
| 005 | 20060808151052.04 | |
| 010 | @dCNY0.48 | |
| 091 | @a12243.3 | |
| 100 | @a19950523d1983 em y0chiy0121 ea | |
| 101 | 0 | @achi |
| 102 | @aCN@b110000 | |
| 105 | @ay z 000yy | |
| 200 | 10 | @a洋流与气候@Ayang liu yu qi hou@f郭瑞涛,刘改有编 |
| 210 | @a北京@c北京师范大学出版社@d1983 | |
| 215 | @a136页@d19cm | |
| 606 | @a海流-关系-气候 | |
| 606 | @a气候-关系-海流 | |
| 690 | @aP732.6@v3 | |
| 701 | 0 | @a郭瑞涛@Aguo rui tao@4编 |
| 701 | 0 | @a刘改有@Aliu gai you@4编 |
| 801 | 0 | @aCN@bTSSF@c20060808 |
| 801 | 2 | @aCN@bNLC@c20060801 |
| 905 | @a10447@dP732.6@e35 | |
| 洋流与气候/郭瑞涛,刘改有编.-北京:北京师范大学出版社,1983 |
| 136页;19cm |
| ISBN :CNY0.48 |
| ● |
| 相关链接 |
|
|
|
|
正题名:洋流与气候
索取号:P732.6/35
 
预约/预借
| 序号 | 登录号 | 条形码 | 馆藏地/架位号 | 状态 | 备注 |
| 1 | 0439354 | 204393548 | 密集书库/ [索取号:P732.6/35] | 在馆 | |
| 2 | 0451730 | 204517308 | 密集书库/ [索取号:P732.6/35] | 在馆 |